| 000 | 01147cam a2200205 4500 | ||
|---|---|---|---|
| 001 | X126006 | ||
| 008 | 040426n2004 000 0 eng u | ||
| 035 | _a(Sirsi) u126006 | ||
| 110 |
_aConstruction Industry Council _92417 |
||
| 245 | _aPII for construction consultants | ||
| 260 | _c2004 | ||
| 490 |
_aCivil Engineering Surveyor _v April 2004, 28-29(2) |
||
| 520 | _aProvides a briefing on Professional Indemnity Insurance (PII) for construction consultants. Reviews the meaning of PII third party insurance, what the policy will cover, the type of claims made, who is insured, the limit of the indemnity, insuring clauses, the excess, restrictions on cover, whether a client can take out PII for the consultant and whether there is an alternative. Suggests an alternative of first-party material damage policies, such as latent defects insurance, which covers the client or building owner against loss arising from defects. | ||
| 650 | _aPROFESSIONAL INDEMNITY INSURANCE | ||
| 650 | _aLATENT DEFECTS INSURANCE | ||
| 650 | _aTHIRD PARTY INSURANCE | ||
| 650 | _aUNFAIR CONTRACT TERMS ACT 1977 | ||
| 690 |
_aInsurance _96249 |
||
| 942 | _n0 | ||
| 999 |
_c74379 _d74379 |
||